Catálogo

TEORIA MONETARIA (Registro nro. 15043)

Detalles MARC
000 -LEADER
fixed length control field 00561nam a2200205 a 4500
001 - CONTROL NUMBER
control field 15043
005 - DATE AND TIME OF LATEST TRANSACTION
control field 20180713203626.0
008 - FIXED-LENGTH DATA ELEMENTS--GENERAL INFORMATION
fixed length control field 140415s1984 000 0 spa d
041 ## - LANGUAGE CODE
Language code of text/sound track or separate title spa
082 ## - DEWEY DECIMAL CLASSIFICATION NUMBER
Classification number 332.4
Item number NEW
100 1# - MAIN ENTRY--PERSONAL NAME
Personal name NEWLYN, W. T.
245 10 - TITLE STATEMENT
Title TEORIA MONETARIA
250 ## - EDITION STATEMENT
Edition statement 3a ed.
260 ## - PUBLICATION, DISTRIBUTION, ETC.
Place of publication, distribution, etc. [s.l.] :
Name of publisher, distributor, etc. FONDO DE CULTURA ECONOMICA,
Date of publication, distribution, etc. 1984
300 ## - PHYSICAL DESCRIPTION
Extent 244
490 ## - SERIES STATEMENT
Series statement SECCION DE OBRAS DE ECONOMIA
650 14 - SUBJECT ADDED ENTRY--TOPICAL TERM
Topical term or geographic name entry element TEORIA CUANTITATIVA DE LA MONEDA
700 1# - ADDED ENTRY--PERSONAL NAME
Personal name SUAREZ, ADUARDO L.
Relator term tr.
700 1# - ADDED ENTRY--PERSONAL NAME
Personal name BOOTLE, R. P.
Relator term coaut.
Existencias
Withdrawn status Lost status Source of classification or shelving scheme Damaged status Not for loan Collection code Home library Current library Shelving location Date acquired Source of acquisition Inventory number Total Checkouts Full call number Barcode Date last seen Date last checked out Price effective from Koha item type
    Dewey Decimal Classification     General Biblioteca Karol Wojtyla Biblioteca Karol Wojtyla Sala general 03/12/2013 Compra 151000000000000000049270   332.4 NEW 32474 02/11/2015 02/11/2015 03/12/2013 Libro